| 000 | 00951nam a2200265 a 4500 | ||
|---|---|---|---|
| 003 | CO-BoRNBP | ||
| 005 | 20241105162525.0 | ||
| 007 | ta | ||
| 008 | 180507s2015 ck ao gr 000 0 spa d | ||
| 020 | _a9789584680594 | ||
| 040 |
_aCO-BoBLA _bspa _cCO-BoBLA _erda |
||
| 082 | 0 | 4 |
_a792.8 _bR63t |
| 100 | 1 |
_aRodríguez Duarte, Luis Emilio. _931271 |
|
| 245 | 1 | 0 |
_aTrazos, tintas y talentos : _bcómo germinan los sueños en niños y jóvenes metenses / _cLuis Emilio Rodríguez Duarte, Alcides Antonio Jáuregui Bautista. |
| 250 | _aPrimera edición | ||
| 300 |
_a76 páginas : _bilustraciones, fotografías ; _c27 cm. |
||
| 336 |
_2rdacontenido _atexto _btxt |
||
| 337 |
_2rdamedio _asin mediación _bn |
||
| 338 |
_2rdasoporte _avolumen _bnc |
||
| 650 | 7 |
_aDanza _x Enseñanza. _2BLAAUTO _943580 |
|
| 650 | 7 |
_aFolclor _x Enseñanza. _2BLAAUTO _943581 |
|
| 700 | 1 |
_aJáuregui Bautista, Alcides Antonio. _943582 |
|
| 942 |
_2ddc _cBK |
||
| 949 |
_ac _bn |
||
| 999 |
_c38518 _d38518 |
||